000 00346nam a2200133Ia 4500
008 151001s9999||||xx |||||||||||||| ||und||
100 _aना ह आपटे
245 _aत्या अबला होत्या
250 _a1
260 _bआपटे आणि मंडळीÇ
260 _c1949
300 _a251
365 _b7
999 _c952382
_d952379